000 00353nam a2200133Ia 4500
008 240624s9999 xx 000 0 und d
041 _aeng
082 _a658.314 KEE
100 _aKEEGAN SHEILA M
245 _aPSYCHOLOGY OF FEAR IN ORGANIZATIONS HOW
260 _c2015
_aLondon
_bKogan Page
300 _axvii, : 267 : p. : cm. ; 23
365 _cGBP
_b30
999 _c27464
_d27464